000 00350 a2200169 4500
001 189762
020 _a85-260-0992-3
040 _cMagnum
100 _aRey, Marcos
240 1 0 _aO pĂȘndulo da noite
_lpor
245 1 0 _aO pĂȘndulo da noite
300 _a180
362 0 _a2005
440 1 _aGlobal
697 _aLITERATURA GERAL
942 _cBK
999 _c189762
_d189762